Intervención norteamericana en las FFAA de América Latina: de Roosevelt a Reagan

Đã lưu trong:
Chi tiết về thư mục
Tác giả chính: Cavalla Rojas, Antonio
Định dạng: Texto
Được phát hành: México D.F.: Proyecto Lázaro Cárdenas
Phiên bản:0
Các nhãn: Thêm thẻ
Không có thẻ, Là người đầu tiên thẻ bản ghi này!

MARC

LEADER 00000 a a2200000 04500
001 24893
003
040
090 |a 179500  
100 |a Cavalla Rojas, Antonio  
245 |a Intervención norteamericana en las FFAA de América Latina: de Roosevelt a Reagan  
250 |a 0  
260 |a México D.F.:   |b Proyecto Lázaro Cárdenas  
300 |a 10 p.  
999 |c 3614  |d 3614